Allendesalazar / (Record no. 185405)
[ view plain ]
| 000 -LEADER | |
|---|---|
| campo de control de longitud fija | 01082nam a2200241 i 4500 |
| 001 - NÚMERO DE CONTROL | |
| campo de control | 185405 |
| 003 - IDENTIFICADOR DE NÚMERO DE CONTROL | |
| campo de control | ES-MaACL |
| 005 - FECHA Y HORA DE LA ÚLTIMA TRANSACCIÓN | |
| campo de control | 20251109145031.0 |
| 008 - DATOS DE LONGITUD FIJA--INFORMACIÓN GENERAL | |
| campo de control de longitud fija | 160531s1946 sp cf |||| |bspa d |
| 080 ## - NÚMERO DE LA CLASIFICACIÓN DECIMAL UNIVERSAL | |
| Número de la Clasificación Decimal Universal | 929 Allendesalazar, Manuel |
| 100 1# - ENTRADA PRINCIPAL--NOMBRE DE PERSONA | |
| Nombre de persona | Gallo de Renovales, José. |
| 9 (RLIN) | 53637 |
| 245 10 - MENCIÓN DEL TÍTULO | |
| Título | Allendesalazar / |
| Mención de responsabilidad, etc. | por José Gallo de Renovales. |
| 260 ## - PUBLICACIÓN, DISTRIBUCIÓN, ETC. | |
| Lugar de publicación, distribución, etc. | Madrid : |
| Nombre del editor, distribuidor, etc. | Purcalla, |
| Fecha de publicación, distribución, etc. | 1946. |
| 300 ## - DESCRIPCIÓN FÍSICA | |
| Extensión | 209 p., [14] p. de lám. ; |
| Dimensiones | 21 cm. |
| 490 1# - MENCIÓN DE SERIE | |
| Mención de serie | Medio siglo de historia. |
| -- | Los presidentes del Consejo de la Monarquía, 1874-1931 ; |
| Designación de volumen o secuencia | 19 |
| 490 1# - MENCIÓN DE SERIE | |
| Mención de serie | Los presidentes del Consejo de la Monarquía Española, 1874-1931 |
| 600 17 - PUNTO DE ACCESO ADICIONAL DE MATERIA--NOMBRE DE PERSONA | |
| Nombre de persona | Allendesalazar, Manuel, |
| Fechas asociadas al nombre | 1856-1923 |
| Fuente del encabezamiento o término | |
| 9 (RLIN) | 159705 |
| 830 0# - PUNTO DE ACCESO ADICIONAL DE SERIE-TÍTULO UNIFORME | |
| Título uniforme | Medio siglo de historia. |
| -- | Los presidentes del Consejo de la Monarquía, 1874-1931 ; |
| Designación de volumen o secuencia | 19 |
| 9 (RLIN) | 192289 |
| 830 0# - PUNTO DE ACCESO ADICIONAL DE SERIE-TÍTULO UNIFORME | |
| Título uniforme | Los presidentes del Consejo de la Monarquía Española, 1874-1931 |
| 9 (RLIN) | 192290 |
| 852 ## - LOCALIZACIÓN | |
| Ubicación | ES-MaACL |
| Número de control de estantería | E-4338 |
| Nota libre | - enc. cart |
| 852 ## - LOCALIZACIÓN | |
| Ubicación | ES-MaACL |
| Número de control de estantería | L-31587 |
| Nota libre | - enc. cart. |
| -- | . - Donat. herederos de la bibl. de Mª del Pilar Costa Palacín |
| Estatus retirado | Estado de pérdida | Estado de daño | No para préstamo | Biblioteca de origen | Biblioteca actual | Ubicación en estantería | Fecha de adquisición | Fuente de adquisición | Total de préstamos | Signatura topográfica completa | Código de barras | Visto por última vez | Precio de reemplazo | Tipo de ítem Koha |
|---|---|---|---|---|---|---|---|---|---|---|---|---|---|---|
| Biblioteca del Ateneo de Madrid | Biblioteca del Ateneo de Madrid | Depósito 2 | 31/05/2016 | E-4338 | 1195333 | 23/02/2023 | 23/02/2023 | Libro impreso | ||||||
| Biblioteca del Ateneo de Madrid | Biblioteca del Ateneo de Madrid | Depósito 2 | 17/05/2017 | L-31587 | 1197583 | 23/02/2023 | 23/02/2023 | Libro impreso |
